000 01195nam a2200277Ia 4500
003 OSt
005 20221005103927.0
006 a|||||r|||| 00| 0
007 ta
008 221004b |||||||| |||| 00| 0 hin d
020 _a8179170217 (hbk)
024 _a26393
037 _bGift, 04/05/2016,
_cTextual
040 _aCRL
_cCRL
_bhin
041 _2hin
_ahin
082 _aY:1.2.N5, 152P3
100 _aपणिक्कर, के. एन.
245 0 _aऔपनिवेशिक भारत में सांस्कृतिक और विचारधारात्मक संघर्ष
246 _aAupaniveshik bhārat mean sāanskṛutik aur vichāradhārātmak sangharṣha
260 _aदिल्ली
_bगं्रथ शिल्पी भारत
_c2003
300 _a215पृ0
_ccm.
650 _aभारतीय-लोक साहित्य
700 _a आदित्यनारायण सिंह, अनु.
_9623713
942 _hY:1.2.N5, 152P3
_cTEXL
_2cc
999 _c1011305
_d1011305